000 00621nam a2200193 i 4500
001 63821
003 ES-MaACL
005 20250815082226.0
007 t|
008 031217s1958 sp ||||1| spa d
100 1 _aFigueroa, Emilio de.
_950780
245 1 0 _aHegemonía y declinación económica de Europa /
_cEmilio Figueroa Martínez.
260 _aMadrid :
_bAguilar,
_c1958 (
_fPotenciano)
300 _a188 p. ;
_c18 cm.
490 1 _aBiblioteca de ciencias sociales
830 0 0 _aBiblioteca de ciencias sociales (Aguilar)
_9220462
852 _aES-MaACL
_jC-14286
_bR.42183
999 _c63821
_d63821